<?xml version="1.0" encoding="UTF-8"?>
<record
    xmlns:xsi="http://www.w3.org/2001/XMLSchema-instance"
    xsi:schemaLocation="http://www.loc.gov/MARC21/slim http://www.loc.gov/standards/marcxml/schema/MARC21slim.xsd"
    xmlns="http://www.loc.gov/MARC21/slim">

  <leader>00970cam a2200265Ia 4500</leader>
  <datafield tag="020" ind1=" " ind2=" ">
    <subfield code="a">9789995097011</subfield>
  </datafield>
  <datafield tag="020" ind1=" " ind2=" ">
    <subfield code="a">999509701X</subfield>
  </datafield>
  <datafield tag="040" ind1=" " ind2=" ">
    <subfield code="c">AU@</subfield>
  </datafield>
  <datafield tag="082" ind1=" " ind2=" ">
    <subfield code="a">305 FIS 2008 A014 Or.</subfield>
  </datafield>
  <datafield tag="245" ind1="0" ind2="0">
    <subfield code="a">Gender implication in CBNRM :</subfield>
    <subfield code="b">the roles, needs and aspirations of women in community fisheries : six case studies /</subfield>
  </datafield>
  <datafield tag="246" ind1="1" ind2="0">
    <subfield code="a">Roles, needs and aspirations of women in community fisheries</subfield>
  </datafield>
  <datafield tag="260" ind1=" " ind2=" ">
    <subfield code="a">Phnom Penh, Cambodia :</subfield>
    <subfield code="b">Fisheries Administration [and] CMNRM Learning Institute,</subfield>
    <subfield code="c">2008 </subfield>
  </datafield>
  <datafield tag="300" ind1=" " ind2=" ">
    <subfield code="a">124 p. :</subfield>
    <subfield code="b">ill. (col.) ;</subfield>
    <subfield code="c">25 cm</subfield>
  </datafield>
  <datafield tag="500" ind1=" " ind2=" ">
    <subfield code="a">"October 2008"</subfield>
  </datafield>
  <datafield tag="500" ind1=" " ind2=" ">
    <subfield code="a">Researched and written by Chap Sopanha ... [et. al.] ; Reviewed and edited by Kaing Khim ... [et al.]</subfield>
  </datafield>
  <datafield tag="650" ind1=" " ind2="0">
    <subfield code="a">Women in development</subfield>
  </datafield>
  <datafield tag="650" ind1=" " ind2="0">
    <subfield code="a">Economic development projects</subfield>
  </datafield>
  <datafield tag="650" ind1=" " ind2="0">
    <subfield code="a">Sustainable fisheries</subfield>
  </datafield>
  <datafield tag="650" ind1=" " ind2="0">
    <subfield code="a">Women fish trade workers</subfield>
  </datafield>
  <datafield tag="700" ind1="1" ind2=" ">
    <subfield code="a">Sopana, Chap</subfield>
  </datafield>
  <datafield tag="700" ind1="1" ind2=" ">
    <subfield code="a">Khim, Kaing</subfield>
  </datafield>
  <datafield tag="710" ind1="1" ind2=" ">
    <subfield code="a">Cambodia.</subfield>
  </datafield>
  <datafield tag="710" ind1="1" ind2=" ">
    <subfield code="a">Cambodia.</subfield>
  </datafield>
  <datafield tag="942" ind1=" " ind2=" ">
    <subfield code="c">EK</subfield>
  </datafield>
  <datafield tag="999" ind1=" " ind2=" ">
    <subfield code="c">13457</subfield>
    <subfield code="d">13457</subfield>
  </datafield>
  <datafield tag="952" ind1=" " ind2=" ">
    <subfield code="0">0</subfield>
    <subfield code="1">0</subfield>
    <subfield code="4">0</subfield>
    <subfield code="6">305_000000000000000_FIS_2008_A014_OR</subfield>
    <subfield code="7">0</subfield>
    <subfield code="9">64497</subfield>
    <subfield code="a">LBA</subfield>
    <subfield code="b">LBA</subfield>
    <subfield code="c">A014</subfield>
    <subfield code="d">2017-08-26</subfield>
    <subfield code="o">305 FIS 2008 A014 Or.</subfield>
    <subfield code="p">A17724</subfield>
    <subfield code="r">2017-08-26</subfield>
    <subfield code="w">2017-08-26</subfield>
    <subfield code="y">EK</subfield>
  </datafield>
  <datafield tag="952" ind1=" " ind2=" ">
    <subfield code="0">0</subfield>
    <subfield code="1">0</subfield>
    <subfield code="4">0</subfield>
    <subfield code="6">305_000000000000000_FIS_2008_A014_OR</subfield>
    <subfield code="7">0</subfield>
    <subfield code="9">64498</subfield>
    <subfield code="a">LBA</subfield>
    <subfield code="b">LBA</subfield>
    <subfield code="c">A014</subfield>
    <subfield code="d">2017-08-26</subfield>
    <subfield code="o">305 FIS 2008 A014 Or.</subfield>
    <subfield code="p">A20152</subfield>
    <subfield code="r">2017-08-26</subfield>
    <subfield code="y">EK</subfield>
  </datafield>
  <datafield tag="952" ind1=" " ind2=" ">
    <subfield code="0">0</subfield>
    <subfield code="1">0</subfield>
    <subfield code="4">0</subfield>
    <subfield code="6">305_000000000000000_FIS_2008_A064_OR</subfield>
    <subfield code="7">0</subfield>
    <subfield code="9">65734</subfield>
    <subfield code="a">LBA</subfield>
    <subfield code="b">LBA</subfield>
    <subfield code="c">A064</subfield>
    <subfield code="d">2017-10-05</subfield>
    <subfield code="o">305 FIS 2008 A064 Or.</subfield>
    <subfield code="p">A19294</subfield>
    <subfield code="r">2017-10-05</subfield>
    <subfield code="y">EK</subfield>
  </datafield>
</record>
